Ernesto guevara quiere ser papá noel y otros papeles /

Guardado en:
Autor Principal: Chauvié, Omar
Formato: Libro
Publicado: Bahía Blanca : 17grises, 2010
Series:Colección Literal / texturas
Materias:
Etiquetas: Agregar Etiqueta
Sin Etiquetas, Sea el primero en etiquetar este registro!
LEADER 00674nam a22002295a 4500
001 CEM.cems013407
005 20100827105600.0
008 130507s2010##################000#0#####d
003 CEMS
020 |a 9789872453084 
082 0 4 |a A861.4 
100 1 |a Chauvié, Omar 
245 1 0 |a Ernesto guevara quiere ser papá noel y otros papeles /  |c Omar Chauvié 
260 |a Bahía Blanca :  |b 17grises,  |c 2010 
300 |a 100 p. 
490 0 |a Colección Literal / texturas 
653 |a Literatura 
653 |a Literatura argentina 
653 |a Literatura bahiense 
653 |a Poesía 
653 |a Poesía bahiense 
859 |a CEMS  |b BIB. CEMS - 11 de abril  |h A861.4  |i Ch51  |p 25937.10  |t Ej.1